000 03792nam0a2200469 4500
001 RU\NLR\BIBL_A\011676511
005 20181207151945.0
010 _a978-5-7810-1660-0
_980
021 _aRU
_bКН-П-18-018991
_9КН-П-18-1378
035 _a(NLR Aleph) 011676511
035 _a(RuMoRGB)009571711
090 _a11266188
_c11266188
100 _a20180412d2017 k y0rusy50 ca
101 0 _arus
102 _aRU
105 _aa|||z|||100zy
200 1 _aАдаптация детей и молодёжи к современным социально-экономическим условиям на основе здоровьесберегающих технологий
_eматериалы IV Всероссийской научно-практической конференции с международным участием (Абакан, 7 декабря 2017 г.)
_fМинистерство образования и науки Российской Федерации, Федеральное государственное бюджетное образовательное учреждение высшего образования "Хакасский государственный университет им. Н.Ф. Катанова"
_g[ответственный редактор: М. Л. Махрова]
210 _aАбакан
_cИзд-во ФГБОУ ВПО "Хакасский государственный университет им. Н.Ф. Катанова"
_d2017
215 _a159 с.
_cил., табл.
_d21
320 _aБиблиогр. в конце ст.
606 1 _aВалеология в образовании
_jСъезды, совещания и т.п
_2nlr_sh2
_3RU\NLR\AUTH\661460203
606 1 _aМолодежь
_xСоциализация
_jСъезды, совещания и т.п
_2nlr_sh1
_2nlr_sh2
_3RU\NLR\AUTH\661016767
606 1 _aДети
_xЗдоровье
_xСоциально-психологические исследования
_jСъезды, совещания и т.п
_2nlr_sh1
_2nlr_sh2
_3RU\NLR\AUTH\66347463
606 1 _aФизическая культура и спорт
_xВлияние на организм детей и подростков
_jСъезды, совещания и т.п
_2nlr_sh2
_3RU\NLR\AUTH\6601562778
606 1 _aФизическая культура и спорт
_xВлияние на организм молодёжи
_jСъезды, совещания и т.п
_2nlr_sh2
_3RU\NLR\AUTH\6601597243
606 1 _aУчащиеся
_xЗдоровье
_xСоциально-медицинские исследования
_jСъезды, совещания и т.п
_2nlr_sh1
_2nlr_sh2
_3RU\NLR\AUTH\661121024
686 1 _aЮ948.1-8я431
686 1 _aС550.325я431
686 1 _aЧ313.54я431
686 1 _aЧ510.41я431
686 1 _aЧ510.43я431
686 1 _aР124.61я431(2)
686 1 _aР128.94-3я431(2)
702 1 _aМахрова
_bМ. Л.
_gМарина Леонидовна
_4340
711 1 2 _a"Адаптация детей и молодежи к современным социально-экономическим условиям на основе здоровьесберегающих технологий", всероссийская научно-практическая конференция с международным участием
_d4
_f2017
_eАбакан
_3RU\NLR\AUTH\880468909
712 0 2 _aХакасский государственный университет им. Н. Ф. Катанова
_cАбакан
_3RU\NLR\AUTH\889950109
_4557
942 _cBOOK
980 _aNBR
980 _aNB